[Event "DSOL 08 Liga Gr-A 1st"]
[Site "Playchess.com INT"]
[Date "2020.07.22"]
[Round "5.2"]
[White "Ihlenfeldt, Felix"]
[Black "Klassen, Maxim"]
[Result "1-0"]
[WhiteElo "949"]
[BlackElo "1000"]
[PlyCount "57"]
[EventDate "2020.06.22"]
[EventType "team-tourn (rapid)"]
[EventCountry "GER"]
[SourceTitle "EXT 2021"]
[Source "ChessBase"]
[SourceDate "2020.10.23"]
[SourceVersion "1"]
[SourceVersionDate "2020.10.23"]
[SourceQuality "1"]
[WhiteTeam "Alzenau Koenigsspringer III"]
[BlackTeam "Zell Schwarz Weiss II"]
[WhiteTeamCountry "GER"]
[BlackTeamCountry "GER"]

1. e4 d5 2. exd5 Qxd5 3. Nc3 Qa5 4. Nf3 c6 5. d4 Nf6 6. Bg5 Nbd7 7. Bd3 e6 8. 0-0 Bd6 9. Ne2 0-0 10. Ng3 Bxg3 11. fxg3 Nh5 12. c3 c5 13. Qc2 g6 14. Ne5 cxd4 15. cxd4 Nxe5 16. dxe5 Qxe5 17. Bf4 Nxf4 18. Rxf4 b6 19. Raf1 f5 20. g4 Bb7 21. gxf5 Qd5 22. fxg6 Rxf4 23. Rxf4 Rc8 24. gxh7+ Kh8 25. Qxc8+ Bxc8 26. Rf8+ Kg7 27. Rg8+ Kf7 28. h8Q Bb7 29. Qg7# 1-0

[Event "Hamburg-chA"]
[Site "Hamburg"]
[Date "2014.06.08"]
[Round "2"]
[White "Ihlenfeldt, Felix"]
[Black "Klausberger, Wolfgang"]
[Result "1/2-1/2"]
[WhiteElo "1375"]
[BlackElo "1440"]
[PlyCount "24"]
[EventDate "2014.06.07"]
[EventType "swiss"]
[EventRounds "7"]
[EventCountry "GER"]
[SourceTitle "CBM 161 Extra"]
[Source "ChessBase"]
[SourceDate "2014.08.29"]
[SourceVersion "1"]
[SourceVersionDate "2014.08.29"]
[SourceQuality "1"]

1. e4 d6 2. d4 Nf6 3. Nc3 g6 4. Bc4 Bg7 5. Nge2 c6 6. a4 0-0 7. 0-0 d5 8. exd5 cxd5 9. Bb3 Nc6 10. Be3 b6 11. Qd2 Na5 12. Ba2 Nc4 1/2-1/2